| 000 | 01476cam a2200325 a 4500 | ||
|---|---|---|---|
| 001 | EDZ0000063791 | ||
| 003 | StDuBDS | ||
| 005 | 20161031105206.0 | ||
| 006 | m||||||||d|||||||| | ||
| 007 | cr ||||||||||| | ||
| 008 | 120323s2011 caua fo| 000|0|eng|d | ||
| 020 |
_a9781452230665 (ebook) : _cNo price |
||
| 040 |
_aStDuBDS _beng _cStDuBDS _epn |
||
| 049 | _aAlfaisal Main Library | ||
| 050 | 0 |
_aLC1200 _b.M8 2011 |
|
| 082 | 0 | 4 |
_a371.9046 _223 |
| 100 | 1 | _aMetcalf, Deborah J. | |
| 245 | 1 | 0 |
_aSucceeding in the inclusive classroom _h[electronic resource] : _bK-12 lesson plans using universal design for learning / _cDebbie Metcalf. |
| 260 |
_aThousand Oaks, Calif. ; _aLondon : _bSAGE, _cc2011. |
||
| 300 |
_a1 online resource (vii, 61 p.) : _bill. |
||
| 520 | 8 | _aThis text provides strategies pre-service and in-service teachers can use to apply the principles of Universal Design for Learning (UDL) to their lesson planning. UDL lesson planning considers 'up front' potential barriers that could limit access to instruction for some learners and helps teachers brainstorm possible solutions before lessons begin. | |
| 521 | _aSpecialized. | ||
| 650 | 0 | _aInclusive education. | |
| 650 | 0 | _aSpecial education. | |
| 655 | 7 |
_aElectronic books. _2local |
|
| 710 | 2 | _aSage eBooks | |
| 776 | 0 | 8 |
_iPrint version : _z9781412989718 |
| 856 | 4 | 0 | _uhttp://ezproxy.alfaisal.edu/login?url=http://sk.sagepub.com/books/succeeding-in-the-inclusive-classroom |
| 942 |
_2lcc _cEBOOKS |
||
| 999 |
_c481354 _d481354 |
||